| 000 | 00917nam a2200313 a 4500 | ||
|---|---|---|---|
| 999 |
_c7910 _d7910 |
||
| 001 | 7910 | ||
| 003 | BD - JhCC | ||
| 005 | 20180215113656.0 | ||
| 008 | 891204s1989 enk b 001 0 eng d | ||
| 020 | _a1850650519 (Hurst) | ||
| 020 | _a0312037090 (St. Martin's) | ||
| 035 | _a(BD - JhCC)7910 | ||
| 040 |
_aDLC _cDLC _dBD-JhCC |
||
| 041 | _aeng | ||
| 050 | 0 |
_aDA990.U46 _bA87 1989 |
|
| 082 |
_a941.60824 _220 _bAUG 1989 |
||
| 100 | 1 | _aAughey, Arthur. | |
| 245 | 1 | 0 |
_aUnder siege : _bUlster Unionism and the Anglo-Irish agreement / _cArthur Aughey |
| 260 |
_aLondon : _bHurst, _c1989 |
||
| 263 | _a8912 | ||
| 300 |
_axv, 214 p. ; _c22 cm |
||
| 500 | _adbd | ||
| 650 | 0 | _aIrish question | |
| 651 | 0 |
_aNorthern Ireland _xPolitics and government _y1969-1994 |
|
| 651 | 0 |
_aGreat Britain _xForeign relations _zIreland |
|
| 651 | 0 |
_aIreland _xForeign relations _zGreat Britain |
|
| 942 |
_2ddc _cBK |
||